위키피디아의 모든 언어들 - Statistics

General Stats
  • This quiz has been taken 3 times
  • The average score is 92 of 326
Answer Stats
기여자 수 언어명 % Correct
834,644 한국어
100%
47,189,085 영어
67%
7,105,824 스페인어
67%
4,894,495 프랑스어
67%
4,342,545 독일어
67%
3,557,317 러시아어
67%
3,492,588 중국어
67%
3,053,388 포르투갈어
67%
2,562,737 아랍어
67%
2,498,288 이탈리아어
67%
2,184,416 일본어
67%
1,575,483 튀르키예어
67%
1,471,000 인도네시아어
67%
1,428,931 기초 영어
67%
1,335,830 네덜란드어
67%
1,299,932 페르시아어
67%
1,299,334 폴란드어
67%
1,157,279 히브리어
67%
949,341 베트남어
67%
904,379 스웨덴어
67%
807,748 힌두어
67%
742,474 우크라이나어
67%
645,058 루마니아어
67%
606,421 노르웨이어 (보크몰)
67%
572,054 핀란드어
67%
558,569 헝가리어
67%
477,832 덴마크어
67%
472,383 태국어
67%
418,324 그리스어
67%
341,587 불가리아어
67%
333,160 말레이어
67%
271,946 광동어
67%
247,857 슬로바키아어
67%
234,625 이집트 아랍어
67%
231,378 타밀어
67%
231,204 슬로베니아어
67%
209,526 세르보크로아트어
67%
190,985 에스토니아어
67%
185,638 리투아니아어
67%
160,103 보스니아어
67%
140,466 타갈로그어
67%
134,932 노르웨이어 (뉘노쉬크)
67%
128,361 우즈벡어
67%
121,790 라트비아어
67%
119,348 미얀마어
67%
108,967 스코트어
67%
102,339 한문
67%
97,519 오어
67%
97,383 아이슬란드어
67%
89,855 몽골어
67%
66,719 네팔어
67%
66,255 스와힐리어
67%
60,513 아일랜드어
67%
47,371 타지크어
67%
42,263 크메르어
67%
33,690 펜실베이니아 독일어
67%
33,583 피지 힌두어
67%
30,083 티베트어
67%
28,812 저지 작센어
67%
28,745 투르크멘어
67%
25,426 디베히어
67%
20,911 줄루어
67%
19,022 라오어
67%
17,873 블라흐 롬어
67%
15,590 러시아 부랴트어
67%
13,555 키냐르완다어
67%
12,429 모로코 아랍어
67%
12,056 팔츠 독일어
67%
11,189 콩고어
67%
10,793 종카어
67%
10,720 통가어
67%
10,703 남부 소토어
67%
10,658 사모아어
67%
10,009 룬디어
67%
9,372 피지어
67%
6,875 북부 소토어
67%
3,797 몽어
67%
655,518 체코어
33%
478,516 카탈루냐어
33%
452,383 벵골어
33%
364,337 세르비아어
33%
310,887 크로아티아어
33%
288,600 아제르바이잔어
33%
222,011 에스페란토어
33%
179,523 말라얄람어
33%
179,051 라틴어
33%
177,632 우르두어
33%
174,145 아프리칸스어
33%
161,830 마라티어
33%
161,345 알바니아어
33%
159,703 바스크어
33%
159,214 조지아어
33%
154,049 카자흐어
33%
144,176 갈리시아어
33%
142,611 아르메니아어
33%
140,459 벨라루스어
33%
122,595 아스투리아스어
33%
115,506 마케도니아어
33%
114,197 세부어
33%
88,409 웨일즈어
33%
86,298 칸나다어
33%
78,629 브르타뉴어
33%
77,662 구자라트어
33%
67,671 싱할라어
33%
66,649 쿠르드어
33%
61,958 민남어
33%
61,691 자바어
33%
61,403 룩셈부르크어
33%
59,171 와라이어
33%
54,415 옥시타니어
33%
53,845 저지 독일어
33%
50,931 타타르어
33%
49,380 펀자브어
33%
49,109 서부 프리지아어
33%
49,061 남부 아제르바이잔어
33%
46,999 암하라어
33%
45,186 시칠리아어
33%
40,687 아삼어
33%
39,932 키르기스어
33%
39,790 산스크리트어
33%
37,762 서부 펀자브어
33%
37,637 소말리어
33%
37,410 체첸어
33%
35,991 베네치아어
33%
35,042 보지푸리어
33%
32,995 객가어
33%
32,835 아이티 크레올어
33%
32,686 파슈토어
33%
30,567 나폴리어
33%
30,249 페로어
33%
30,246 케추아어
33%
29,903 루신어
33%
29,343 북부 사미어
33%
28,372 스코틀랜드 게일어
33%
27,947 아체어
33%
27,841 피에몬테어
33%
27,564 하우사어
33%
26,475 에밀리아노-로마뇨어
33%
26,268 크림 타타르어
33%
25,871 교회 슬라브어
33%
25,870 체로키어
33%
25,618 비슈누프리야 마니푸르어
33%
25,300 야쿠트어
33%
24,895 사르데냐어
33%
24,750 왈롱어
33%
23,094 몰타어
33%
22,783 코르시카어
33%
22,601 나와틀어
33%
22,351 위구르어
33%
20,806 이누이트어
33%
20,586 압하즈어
33%
20,573 로망슈어
33%
20,418 북부 프리지아어
33%
20,350 맨어
33%
19,688 크리어
33%
19,196 마오리어
33%
19,164 이그보어
33%
19,102 과라니어
33%
18,407 신드어
33%
17,808 쇼나어
33%
17,779 엑스트레마두라어
33%
17,707 일로카노어
33%
17,597 나바호어
33%
17,036 아이마라어
33%
16,571 리구리아어
33%
15,831 콘월어
33%
14,606 초원 마리어
33%
14,499 가가우즈어
33%
13,710 그린란드어
33%
13,613 사터란트 프리지아어
33%
13,549 노르만어
33%
13,500 미란다어
33%
13,362 링갈라어
33%
13,357 코사어
33%
11,981 노퍽어 / 핏케언어
33%
11,202 밤바라어
33%
11,113 카슈미르어
33%
10,995 서부 마리어
33%
10,974 좡어
33%
10,768 체와어
33%
10,479 서부 아르메니아어
33%
10,459 츠와나어
33%
10,281 콘칸어
33%
9,393 투바어
33%
8,771 스와티어
33%
8,707 루간다어
33%
8,616 라크어
33%
6,569 라딘어
33%
4,521 인구시어
33%
4,440 샨어
33%
4,294 마니푸르어
33%
4,251 이나리 사미어
33%
4,130 응코어
33%
3,173 기아나 크레올어
33%
2,929 남부 알타이어
33%
2,675 마두라어
33%
85,057 벨라루스어 (타라슈케비차)
33%
127,722 텔루구어
0%
126,619 고대 영어
0%
103,779 알레만어
0%
77,009 아라곤어
0%
70,278 오스트로바이에른어
0%
61,827 중부 쿠르드어
0%
52,119 이디시어
0%
50,589 인테르링구아
0%
44,728 감어
0%
43,346 롬바르드어
0%
40,989 바시키르어
0%
38,258 이도어
0%
37,107 마잔다란어
0%
36,237 오리야어
0%
35,622 볼라퓌크어
0%
35,040 추바시어
0%
32,857 말라가시어
0%
31,533 순다어
0%
29,313 림뷔르흐어
0%
28,602 요루바어
0%
28,428 자자어
0%
27,752 네와르어
0%
27,177 서부 플람스어
0%
26,238 사모기티아어
0%
25,229 고지 소르브어
0%
24,953 실레시아어
0%
24,862 오세트어
0%
23,996 중부 비콜어
0%
23,016 쾰른어
0%
21,799 민둥어
0%
21,686 라디노어
0%
21,288 팜팡가어
0%
21,274 발리어
0%
20,928 아람어
0%
19,974 고트어
0%
19,920 인테르링구에
0%
19,641 민그렐어
0%
19,111 미낭카바우어
0%
18,868 저지 소르브어
0%
18,026 피카르디어
0%
17,493 하와이어
0%
17,062 카슈브어
0%
16,995 바뉴마스어
0%
16,965 로지반
0%
16,805 아르피탄어
0%
16,122 차모로어
0%
16,103 벱스어
0%
16,081 길라키어
0%
15,811 트위어
0%
15,470 월로프어
0%
15,365 우드무르트어
0%
15,175 아바르어
0%
14,991 파피아멘토어
0%
14,891 에웨어
0%
14,792 코미어
0%
14,725 차바카노어
0%
14,691 프리울리어
0%
14,597 반자르어
0%
14,581 버로어
0%
14,262 아로마니아어
0%
14,131 마이틸어
0%
13,902 카빌어
0%
13,829 톡 피신
0%
13,592 비슬라마어
0%
13,568 부기어
0%
13,564 제일란트어
0%
13,224 에르자어
0%
12,516 링구아프랑카노바
0%
12,319 카라칼팍어
0%
12,080 노비알
0%
12,055 샤이엔어
0%
11,738 타란토어
0%
11,228 오로모어
0%
11,050 레즈긴어
0%
10,692 폰투스어
0%
10,648 카라차이-발카르어
0%
10,405 총가어
0%
10,235 칼미크어
0%
10,205 카바르다어
0%
9,900 테툼어
0%
9,782 목샤어
0%
9,750 티그리냐어
0%
9,431 풀라어
0%
9,039 키쿠유어
0%
8,988 이누피아크어
0%
8,778 코미페르먀크어
0%
8,576 툼부카어
0%
8,519 팡가시난어
0%
8,123 벤다어
0%
7,895 스라난 통고
0%
7,813 산탈어
0%
7,632 타히티어
0%
7,598 라트갈어
0%
7,539 아디게어
0%
7,476 팔리어
0%
7,172 리비카렐리야어
0%
6,779 상고어
0%
6,681 도텔어
0%
6,497 딩카어
0%
6,105 툴루어
0%
5,604 고론탈로어
0%
5,357 코타바
0%
4,725 카비예어
0%
4,662 아티카메크어
0%
3,832 타첼히트어
0%
3,815 다그바니어
0%
3,128 사키자야어
0%
3,100 아와디어
0%
2,475 사라이키어
0%
2,254 아미어
0%
2,033 타로코어
0%
1,910 니아스어
0%
1,860 아타얄어
0%
1,727 파이완어
0%
1,620 앙기카어
0%
1,599 나이지리아 피진
0%
1,535 파오어
0%
1,530 타야프어
0%
1,432 건어
0%
1,266 와유어
0%
1,136 가나 피진
0%
1,051 탈리시어
0%
1,048 프라프라어
0%
897 판티어
0%
717 바탁토바어
0%
695 폰어
0%
500 다가리어
0%
9,014 자메이카 파트와
0%
1,251 표준 모로코 타마지트
0%
No matching quizzes found
Score Distribution
Percent of People with Each Score
Percentile by Number Answered
Your Score History
You have not taken this quiz